Score 0/15 Timer 05:00
3 Plays Today
% Correct
INSPECT
92.7%
PLEASED
92%
PRAISES
91%
PRECONDITION
85.5%
SCALPED
84.7%
SPEARING
83.5%
PREPOSITION
76.3%
SCARPERS
71.1%
% Correct
PRIMPING
63.8%
CARPET
62.4%
HARPING
59.3%
MISSPELL
44.3%
CAPTION
43.2%
OPTIC
42.1%
RESPECTED
42%
Remove Ads.
Support Sporcle.
Get the best of Sporcle when you Go Orange. This ad-free experience offers more features, more stats, and more fun while also helping to support Sporcle. Thank you for becoming a member.

You're not logged in!

Compare scores with friends on all Sporcle quizzes.
OR
Log In

Show Comments

Extras

Top Quizzes Today


Score Distribution

Your Account Isn't Verified!

In order to create a playlist on Sporcle, you need to verify the email address you used during registration. Go to your Sporcle Settings to finish the process.

Report this User

Report this user for behavior that violates our Community Guidelines.

Details: